| 000 | 00679cam a22002055a 4500 | ||
|---|---|---|---|
| 001 | L154220 | ||
| 008 | 111103s2011 xxk f 000 0 eng d | ||
| 020 | _a9780955733512 | ||
| 035 | _a(Sirsi) u154220 | ||
| 041 | 0 | _aeng | |
| 050 | 0 | 4 | _a352.1 |
| 100 | 1 | _aSansom, Alan C | |
| 245 | 0 | 0 | _aContract document for the procurement of consultancy services |
| 260 |
_aLondon _bSCQS _c2007 |
||
| 520 | _aProvides clients and consultants with information on the responsibilities and duties expected from each party, to ensure successful delivery of the project. | ||
| 590 | _aKA | ||
| 651 | 4 |
_aUnited Kingdom _y |
|
| 690 | _aBUILT ENVIRONMENT-CONSTRUCTION MANAGEMENT | ||
| 942 | _n0 | ||
| 999 |
_c112889 _d112889 |
||